000 00415nam a2200181Ia 4500
001 10044
005 20260306161802.0
008 260306t2006||||xx |||||||||||||| ||spa||
041 _aESP
082 _a869.57
_bB84
100 _aBrozovich, Raúl
_eAUT
245 0 _aEl duro oficio de vivir
260 _c2006
300 _a289 páginas :
_ccm.
650 _aGEN
654 _aCHU
942 _cLIB
_dJUS
_fJUS
_2ddc
_n
999 _c10044
_d10044